| 000 | 01292 a2200241 4500 | ||
|---|---|---|---|
| 003 | Nust | ||
| 005 | 20221206113848.0 | ||
| 010 | _a 2004040753 | ||
| 020 | _a0521830168 | ||
| 040 | _cNust | ||
| 082 | 0 | 0 | _a530.14, GUR |
| 100 | 1 |
_aGuru, Bhag S. _9101540 |
|
| 245 | 1 | 0 |
_aElectromagnetic field theory fundamentals / _cBhag Guru and Huseyin R. Hiziroglu. |
| 250 | _a2nd ed. | ||
| 260 |
_aCambridge, UK ; _aNew York : _bCambridge University Press, _c2004. |
||
| 300 |
_axv, 681 p. : _bill. ; _c26 cm. |
||
| 505 | _aElectricity Field Theory (Page-1),Vector Analysis (Page-14), Steady Electric current (Page-137), Magneto statics (Page-177), Application of Static Field (Page-241), Time Varying Electrognetic Fields (Page-276), Plan Wave Propagation (Page-351), Transmission Lines (Page-421), Waveguides and Cavity Resonators (Page-502), Antenna (Page-547), Computer Aided Analysis of Electromagnetic Fields (Page-590). | ||
| 650 | 0 |
_aElectromagnetic fields. _910532 |
|
| 856 | 4 | 2 |
_3Contributor biographical information _uhttp://www.loc.gov/catdir/enhancements/fy0732/2004040753-b.html |
| 856 | 4 | 2 |
_3Publisher description _uhttp://www.loc.gov/catdir/description/cam041/2004040753.html |
| 856 | 4 | 2 |
_3Table of contents _uhttp://www.loc.gov/catdir/toc/cam041/2004040753.html |
| 942 |
_2ddc _cBK |
||
| 999 |
_c189544 _d189544 |
||